| Tag |
First Indicator |
Second Indicator |
Subfields |
| LEADER |
00000cam a22000004a 4500 |
| 001 |
in00002222607 |
| 005 |
20151104153037.0 |
| 008 |
060627s2007 enka b 001 0 eng |
| 010 |
|
|
|a 2006021382
|
| 015 |
|
|
|a GBA612254
|2 bnb
|
| 016 |
7 |
|
|a 013375267
|2 Uk
|
| 020 |
|
|
|a 041577036X (hbk)
|
| 020 |
|
|
|a 0203966058 (ebk)
|
| 029 |
1 |
|
|a YDXCP
|b 100427540
|
| 035 |
|
|
|a (OCoLC)ocm70219961
|
| 035 |
|
|
|a (OCoLC)70219961
|
| 040 |
|
|
|a DLC
|c DLC
|d BAKER
|d BTCTA
|d YDXCP
|d BWKUK
|d YDX
|d UKM
|d UtOrBLW
|
| 049 |
|
|
|a TXAM
|
| 050 |
0 |
0 |
|a HM881
|b .R45 2007
|
| 082 |
0 |
0 |
|a 303.48/4
|2 22
|
| 100 |
1 |
|
|a Reitan, Ruth.
|
| 245 |
1 |
0 |
|a Global activism /
|c Ruth Reitan.
|
| 264 |
|
1 |
|a London ;
|a New York :
|b Routledge,
|c 2007.
|
| 300 |
|
|
|a xii, 337 pages :
|b illustrations ;
|c 24 cm.
|
| 336 |
|
|
|a text
|b txt
|2 rdacontent
|
| 337 |
|
|
|a unmediated
|b n
|2 rdamedia
|
| 338 |
|
|
|a volume
|b nc
|2 rdacarrier
|
| 490 |
1 |
|
|a Rethinking globalizations ;
|v 5
|
| 504 |
|
|
|a Includes bibliographical references (pages [269]-329) and index.
|
| 505 |
0 |
|
|a The globalization of neoliberalism and of activism : an introduction -- Global activism : methodology and scholarly review -- Toward Jubilee 2000 and beyond -- Our World Is Not for Sale -- Via Campesina -- Zapatista-inspired Peoples' Global Action -- Concluding reflections on present and future scholarship and activism.
|
| 650 |
|
0 |
|a Social movements
|x International cooperation.
|
| 650 |
|
0 |
|a Social movements
|x International cooperation
|v Case studies.
|
| 650 |
|
0 |
|a Social action
|x International cooperation
|v Case studies.
|
| 650 |
|
0 |
|a Globalization
|x Social aspects.
|
| 650 |
|
0 |
|a Anti-globalization movement.
|
| 650 |
|
0 |
|a Neoliberalism.
|
| 830 |
|
0 |
|a Rethinking globalizations ;
|v 5.
|
| 856 |
4 |
1 |
|3 Table of contents only
|u http://www.loc.gov/catdir/toc/ecip0616/2006021382.html
|t 0
|
| 938 |
|
|
|a Baker & Taylor
|b BKTY
|c 125.00
|d 125.00
|i 041577036X
|n 0006756080
|s active
|
| 938 |
|
|
|a Baker and Taylor
|b BTCP
|n 2006021382
|
| 938 |
|
|
|a YBP Library Services
|b YANK
|n 100427540
|
| 945 |
|
|
|a PromptCat
|b 80677
|
| 946 |
|
|
|a stk
|
| 947 |
|
|
|a A14835540210
|
| 948 |
|
|
|a cataloged
|b h
|c 2007/3/9
|d c
|e achopde
|f 12:43:35 pm
|
| 994 |
|
|
|a 92
|b TXA
|
| 999 |
|
|
|a MARS
|
| 999 |
f |
f |
|s 848f9ac6-7f44-3fbd-ba92-1ab8ed4021bb
|i 6aee465b-fce6-3c4e-9133-31a7fe70721b
|t 0
|
| 952 |
f |
f |
|p normal
|a Texas A&M University
|b College Station
|c Sterling C. Evans Library
|d Evans: Library Stacks
|t 0
|e HM881 .R45 2007
|h Library of Congress classification
|i unmediated -- volume
|m A14835540210
|
| 998 |
f |
f |
|a HM881 .R45 2007
|t 0
|l Evans: Library Stacks
|